Zvieratká v lese : leporelo pre deti vo veku 18+ mesiacov

Hlavní autor: Jiskra, Jan, 1949-
Jazyk: Slovenština
Vydáno: [Praha] : Pierot, [2020]
Témata:
Fyzický popis: 12 nečíslovaných stran : barevné ilustrace ; 15 cm
Knihy
Uloženo v:
LEADER 01674nam a2200493 i 4500
001 nkc20203252980
003 CZ PrNK
005 20201016171646.0
007 ta
008 200910s2020 xr a a 000 p slo
015 |a cnb003252980 
020 |a 978-80-7353-761-6  |q (vázáno) 
035 |a (OCoLC)1204253997 
040 |a ABG001  |b cze  |e rda 
072 7 |a 821-93-053.4  |x Literatura pro nejmenší děti  |2 Konspekt  |9 26 
080 |a 821-93-053.4  |2 MRF 
080 |a 821-193  |2 MRF 
080 |a 591.9:630  |2 MRF 
080 |a (0:82-193)  |2 MRF 
080 |a (0.025.2)  |2 MRF 
100 1 |a Jiskra, Jan,  |d 1949-  |7 jo20010084269  |4 ill 
245 1 0 |a Zvieratká v lese :  |b leporelo pre deti vo veku 18+ mesiacov 
264 1 |a [Praha] :  |b Pierot,  |c [2020] 
300 |a 12 nečíslovaných stran :  |b barevné ilustrace ;  |c 15 cm 
336 |a text  |b txt  |2 rdacontent 
336 |a statický obraz  |b sti  |2 rdacontent 
337 |a bez média  |b n  |2 rdamedia 
338 |a svazek  |b nc  |2 rdacarrier 
500 |a Ilustrácie Jan Jiskra 
500 |a Kartonové listy 
650 0 7 |a lesní živočichové  |7 ph115122  |2 czenas 
650 0 9 |a forest animals  |2 eczenas 
655 7 |a říkadla  |7 fd133992  |2 czenas 
655 7 |a leporela  |7 fd132727  |2 czenas 
655 7 |a publikace pro nejmenší děti  |7 fd1060157  |2 czenas 
655 9 |a children's poetry  |2 eczenas 
655 9 |a folding picture-books  |2 eczenas 
655 9 |a publications for small children  |2 eczenas 
910 2 |a BOA001  |b S-1451.463 
920 |a 4555707  |z ABG001 
990 |a BK 
995 |a 01 
991 |b 202009  |c NOV 
996 6 |b 2610838459  |c S-1451.463  |l MZK  |r Sklad / do 24 hodin  |n 0  |p p.v.  |w 001826345  |u 000010  |a 1  |e BOA001  |j MZK50  |s P